00359 a2200121 4500001001000000005001700010008004100027245004100068100002300109700002100132773006700153999001700220ART_2905620260410161909.0260409a 10aAn economic theory of central places1 aLipsey, Richard G.1 aEaton, B. Curtis0 tThe Economic Journalg- Vol. 92, NÂș 365 (mar. 1982)wREV12512 c26655d26655